| 000 | 00925cam a22002774a 4500 | ||
|---|---|---|---|
| 001 | 13699952 | ||
| 003 | OSt | ||
| 005 | 20230703164550.0 | ||
| 008 | 040826s2005 njua b 001 0 eng | ||
| 010 | _a 2004058663 | ||
| 020 | _a0131536060 | ||
| 040 |
_aDLC _cDLC _dDLC |
||
| 042 | _apcc | ||
| 082 | 0 | 0 |
_a338.5 _bLEV |
| 100 | 1 | _aO'Sullivan, Arthur. | |
| 245 | 1 | 0 |
_aMicroeconomics : _bprinciples and tools / _cArthur O'Sullivan, Steven M. Sheffrin. |
| 250 | _a4th ed. | ||
| 260 |
_aUpper Saddle River, NJ : _bPearson Prentice Hall, _c2005. |
||
| 300 |
_axxxii, 464 p. : _bill. (some col.) ; _c26 cm. |
||
| 504 | _aIncludes bibliographical references and index. | ||
| 650 | 0 | _aMicroeconomics. | |
| 700 | 1 | _aSheffrin, Steven M. | |
| 906 |
_a7 _bcbc _corignew _d1 _eocip _f20 _gy-gencatlg |
||
| 942 |
_2ddc _cBK |
||
| 999 |
_c3529 _d3529 |
||